000 01143nam a2200253Ia 4500
999 _c53818
_d53818
001 20869
003 GE_BSU
005 20210527170446.0
008 181216s2016||||ge |||||||||||||| ||geo||
020 _a9789941942792
040 _cGE_BSU
041 _ageo
080 _a347.44 ხ-93
100 _aხუნაშვილი, ნინო
_911896
245 _aკეთილსინდისიერების პრინციპი სახელშეკრულებო სამართალში /
_cნინო ხუნაშვილი ; რედაქტორი თამარ ზამბახიძე.
264 _aთბილისი :
_bბონა კაუზა,
_c2016.
300 _a352 გვ. ;
_c20 სმ.
504 _aბიბლიოგრაფია ტექსტის შენიშვნებში
541 _h14ლ.50თ.
653 _aსამართალი
653 _aსახელშეკრულებო სამართალი
700 _aზამბახიძე, თამარ
_eრედაქტორი
_98141
942 _cBK
_2udc